[Event "ITA-ch49 corr"]
[Site "Italy"]
[Date "1999.??.??"]
[Round "?"]
[White "Del Vasto, Catello"]
[Black "Landolfi, Franco"]
[Result "1/2-1/2"]
[WhiteElo "2382"]
[BlackElo "2427"]
[PlyCount "41"]
[EventDate "1999.??.??"]
[EventType "tourn (corr)"]
[EventRounds "14"]
[EventCountry "ITA"]
[SourceTitle "Corr 2002"]
[Source "ChessBase"]
[SourceDate "2002.05.23"]
[SourceVersion "1"]
[SourceVersionDate "2002.05.23"]
[SourceQuality "1"]

1. d4 Nf6 2. c4 e6 3. Nc3 Bb4 4. Qc2 c5 5. dxc5 0-0 6. a3 Bxc5 7. Nf3 b6 8. Bg5 Be7 9. Rd1 Bb7 10. e4 h6 11. Bh4 Nh5 12. Bxe7 Qxe7 13. Be2 Nf4 14. 0-0 d6 15. Qd2 Nxe2+ 16. Qxe2 Nc6 17. Rd2 Rad8 18. Rfd1 a6 19. Nd4 Ne5 20. b3 Qc7 21. a4 1/2-1/2

[Event "ITA-ch49 corr"]
[Site "Italy"]
[Date "1999.??.??"]
[Round "?"]
[White "Landolfi, Franco"]
[Black "Cilento, Fulvio"]
[Result "1/2-1/2"]
[WhiteElo "2427"]
[BlackElo "2442"]
[PlyCount "28"]
[EventDate "1999.??.??"]
[EventType "tourn (corr)"]
[EventRounds "14"]
[EventCountry "ITA"]
[SourceTitle "Corr 2002"]
[Source "ChessBase"]
[SourceDate "2002.05.23"]
[SourceVersion "1"]
[SourceVersionDate "2002.05.23"]
[SourceQuality "1"]

1. d4 Nf6 2. c4 e6 3. Nf3 b6 4. Nc3 Bb7 5. a3 d5 6. Bg5 Be7 7. e3 0-0 8. Bd3 Nbd7 9. 0-0 c5 10. cxd5 Nxd5 11. Bxe7 Qxe7 12. Qe2 Nxc3 13. bxc3 e5 14. Ba6 Bxa6 1/2-1/2

[Event "ITA-ch49 corr"]
[Site "Italy"]
[Date "1999.??.??"]
[Round "?"]
[White "Landolfi, Franco"]
[Black "Colombo, Alberto E"]
[Result "1/2-1/2"]
[WhiteElo "2427"]
[BlackElo "2460"]
[PlyCount "82"]
[EventDate "1999.??.??"]
[EventType "tourn (corr)"]
[EventRounds "14"]
[EventCountry "ITA"]
[SourceTitle "Corr 2002"]
[Source "ChessBase"]
[SourceDate "2002.05.23"]
[SourceVersion "1"]
[SourceVersionDate "2002.05.23"]
[SourceQuality "1"]

1. e4 e6 2. d4 d5 3. e5 c5 4. c3 Qb6 5. Nf3 Nc6 6. Be2 cxd4 7. cxd4 Nh6 8. Bd3 Nf5 9. Bxf5 exf5 10. Nc3 Be6 11. a3 Be7 12. Na4 Qb5 13. Nc3 Qc4 14. Ne2 h6 15. Be3 0-0 16. Rc1 Qb5 17. Rc2 Na5 18. Nc3 Qa6 19. Qe2 Qxe2+ 20. Kxe2 Rac8 21. Nd2 a6 22. Rhc1 Nc6 23. Nb3 f6 24. f4 g5 25. Na4 fxe5 26. fxe5 f4 27. Bf2 g4 28. Nac5 Bf5 29. Rc3 Nd8 30. Kf1 Bg5 31. Na4 Rc6 32. Rxc6 Nxc6 33. Rc3 Na7 34. Kg1 Nb5 35. Rc5 Be7 36. Rc1 Bg5 37. Rc5 Be4 38. Nc3 Be7 39. Nxb5 Bxc5 40. Nxc5 axb5 41. Nxb7 Rb8 1/2-1/2

[Event "ITA-ch49 corr"]
[Site "Italy"]
[Date "1999.??.??"]
[Round "?"]
[White "Scuderi, Alfio"]
[Black "Landolfi, Franco"]
[Result "0-1"]
[WhiteElo "2336"]
[BlackElo "2427"]
[PlyCount "124"]
[EventDate "1999.??.??"]
[EventType "tourn (corr)"]
[EventRounds "14"]
[EventCountry "ITA"]
[SourceTitle "Corr 2002"]
[Source "ChessBase"]
[SourceDate "2002.05.23"]
[SourceVersion "1"]
[SourceVersionDate "2002.05.23"]
[SourceQuality "1"]

1. e4 e5 2. Nf3 Nc6 3. Bb5 a6 4. Ba4 Nf6 5. 0-0 Be7 6. Re1 b5 7. Bb3 0-0 8. c3 d6 9. d4 Bg4 10. d5 Na5 11. Bc2 Qc8 12. h3 Bd7 13. Nbd2 c6 14. dxc6 Qxc6 15. Nf1 Nc4 16. Ng3 Rfc8 17. Qe2 Rab8 18. Bd3 Nb6 19. Be3 Na4 20. Nh4 Be6 21. Nhf5 Bd8 22. Red1 g6 23. Nh6+ Kg7 24. Bg5 Nd7 25. Bc1 Nf6 26. Kh2 Nc5 27. Bc2 b4 28. cxb4 Rxb4 29. f3 d5 30. exd5 Bxd5 31. Ng4 Nxg4+ 32. hxg4 Qf6 33. g5 Qe6 34. Be3 Bb6 35. b3 a5 36. Nf1 Bb7 37. Qf2 f5 38. gxf6+ Qxf6 39. Kg1 Rc7 40. Rac1 Na6 41. Bd3 Rxc1 42. Rxc1 Bd4 43. Qd2 Qd6 44. Bc4 a4 45. Kh1 axb3 46. axb3 Rb6 47. Re1 Bxe3 48. Qxe3 Nc5 49. Nd2 Bd5 50. Qxe5+ Qxe5 51. Rxe5 Bxc4 52. bxc4 Rb2 53. Rxc5 Rxd2 54. Rc7+ Kh6 55. Kh2 Rc2 56. f4 g5 57. fxg5+ Kxg5 58. c5 h6 59. Rc8 Kf5 60. Kh3 Rc1 61. c6 Kf4 62. c7 Rh1# 0-1

[Event "ITA-ch48 corr"]
[Site "Italy"]
[Date "1998.??.??"]
[Round "?"]
[White "Landolfi, Franco"]
[Black "Calzolari, Giampietro"]
[Result "0-1"]
[WhiteElo "2360"]
[BlackElo "2510"]
[PlyCount "60"]
[EventDate "1998.??.??"]
[EventType "tourn (corr)"]
[EventRounds "14"]
[EventCountry "ITA"]
[SourceTitle "Corr 2002"]
[Source "ChessBase"]
[SourceDate "2002.05.23"]
[SourceVersion "1"]
[SourceVersionDate "2002.05.23"]
[SourceQuality "1"]

1. d4 Nf6 2. c4 g6 3. Nc3 Bg7 4. e4 d6 5. Be2 0-0 6. Nf3 e5 7. 0-0 Nc6 8. d5 Ne7 9. Ne1 Nd7 10. Nd3 f5 11. Bd2 Nf6 12. f3 f4 13. c5 g5 14. Rc1 Ng6 15. Qb3 Rf7 16. Be1 h5 17. Bf2 g4 18. cxd6 cxd6 19. Nb5 g3 20. hxg3 fxg3 21. Bxg3 h4 22. Bf2 Nh5 23. Rfe1 Bh6 24. Rc2 Rg7 25. Bf1 h3 26. g4 Nh4 27. Nxe5 dxe5 28. Kh1 Nxf3 29. d6+ Kh7 30. Rxc8 Qf6 0-1